The gas exchangers : structure, function, and evolution of the respiratory processes /

Bibliographic Details
Main Author: Maina, J. N.
Format: Book
Language:English
Published: Berlin ; New York : Springer, [1998]
Series:Zoophysiology ; v. 37.
Subjects:

MARC

Tag First Indicator Second Indicator Subfields
LEADER 00000cam a2200000 a 4500
001 in00001484921
005 20151021072102.0
008 980401s1998 gw a b 001 0 eng
010 |a  98004125  
020 |a 3540625119 (hardcover) 
035 |a (OCoLC)38924648 
035 |9 AJH3272AM 
040 |a DLC  |c DLC  |d AGL  |d NLM  |d TXA  |d UtOrBLW 
049 |a TXAM 
050 0 0 |a QP121  |b .M276 1998 
060 0 0 |a W1  |b ZO615M v.37 1998 
060 1 0 |a WF 102  |b M224g 1998 
069 0 |a 9815528 
070 0 |a QP1.Z66  |b v.37 
072 7 |a QL  |2 lcco 
072 0 |a X380 
082 0 0 |a 573.2  |2 21 
100 1 |a Maina, J. N. 
245 1 4 |a The gas exchangers :  |b structure, function, and evolution of the respiratory processes /  |c J.N. Maina. 
264 1 |a Berlin ;  |a New York :  |b Springer,  |c [1998] 
264 4 |c ©1998 
300 |a xx, 498 pages :  |b illustrations ;  |c 24 cm. 
336 |a text  |b txt  |2 rdacontent 
337 |a unmediated  |b n  |2 rdamedia 
338 |a volume  |b nc  |2 rdacarrier 
490 1 |a Zoophysiology ;  |v v. 37 
504 |a Includes bibliographical references (pages [361]-481) and index. 
650 0 |a Respiration. 
650 0 |a Physiology, Comparative. 
650 1 2 |a Respiration. 
650 2 2 |a Physiology, Comparative. 
830 0 |a Zoophysiology ;  |v v. 37. 
948 |a c:dm 
999 |a MARS 
999 f f |s bcd3922d-6467-3fa1-bab2-22528cae3721  |i e50fd63a-d8fb-365b-8492-b49f4e74f24f  |t 0 
952 f f |p ric  |a Texas A&M University  |b Rellis Campus  |c Joint Library Facility  |d Remote Storage  |t 0  |e QP121 .M276 1998  |h Library of Congress classification  |i unmediated -- volume  |m A14825059754 
998 f f |a QP121 .M276 1998  |t 0  |l Remote Storage